Statistiques concernant Villes françaises avec tramway

Cliquez ici pour prendre le quiz!

Statistiques générales

  • Ce quiz a été pris 431 fois
  • Le résultat moyen est 21 sur 29

Statistiques - réponses

Longeur
(km)
Ville de tramway% Correct
126,6Paris /
Île-de-France
99%
12,7Marseille
97%
17,5Lille / Roubaix /
Tourcoing
96%
73,6Lyon
96%
77,3Bordeaux
94%
24,2Nice
94%
48Strasbourg
92%
41,3Nantes
91%
16,7Toulouse
91%
60,5Montpellier
86%
14,3Brest
83%
43,7Grenoble
78%
19Dijon
77%
29,3Orléans
76%
12,3Angers
75%
13Le Havre
74%
16,2Caen
73%
15,1Rouen
73%
15,5Tours
73%
16Saint-Étienne
72%
11,2Reims
68%
16,2Mulhouse
61%
18,9Le Mans
60%
14,5Besançon
56%
5,2Avignon
46%
33,8Valenciennes
38%
2,8Aubagne
24%
2Annemasse /
(Genève)
19%
2,6Saint-Louis /
(Bâle)
14%

Distribution des résultats

Percentile par nombre de réponses

% des personnes avec chaque résultat

Votre développement - résultats

Vous n’avez pas pris ce quiz